New innovations in environmental biotechnology / (Record no. 142811)

MARC details
000 -LEADER
fixed length control field 00777nam a22002417a 4500
005 - DATE AND TIME OF LATEST TRANSACTION
control field 20170724171031.0
010 ## - LCCN (DPL NO)
LC control number ENG-119312
020 ## - INTERNATIONAL STANDARD BOOK NUMBER
International Standard Book Number 9788193340820
Terms of availability 995.00
035 ## - SYSTEM CONTROL NUMBER
System control number EN-102844
037 ## - SOURCE OF ACQUISITION
Source of stock number/acquisition DBAD/PUB
082 ## - DEWEY DECIMAL CLASSIFICATION NUMBER
Classification number 628.5
245 ## - TITLE STATEMENT
Title New innovations in environmental biotechnology /
Statement of responsibility, etc edited by M.M.Abid Ali Khan...[et...al]
260 ## - PUBLICATION, DISTRIBUTION, ETC. (IMPRINT)
Place of publication, distribution, etc Gaziabad
Name of publisher, distributor, etc Kanhya Publisher
Date of publication, distribution, etc 2017
270 ## - ADDRESS
Address RTB 158 Royal Tower,Shipra Suncity
City Gaziabad (UP)
Postal code 201010
300 ## - PHYSICAL DESCRIPTION
Extent vii,288p.
Dimensions 23cm(pbk)
500 ## - GENERAL NOTE
General note Includes bibliographical references and index
700 ## - ADDED ENTRY--PERSONAL NAME
Personal name Abid Ali Khan,M.M.
700 ## - ADDED ENTRY--PERSONAL NAME
Personal name Murtza Abid
700 ## - ADDED ENTRY--PERSONAL NAME
Personal name Abdeen Mustafa Omer
700 ## - ADDED ENTRY--PERSONAL NAME
Personal name Pandey, S. N.
700 ## - ADDED ENTRY--PERSONAL NAME
Personal name Maheshwari,Raaz K.
942 ## - ADDED ENTRY ELEMENTS (KOHA)
Source of classification or shelving scheme Dewey Decimal Classification
Item type English Books
Classification part 628.5
Call number suffix NEW
Holdings
Withdrawn status Lost status Not for loan Collection code Home library Current library Date acquired Source of acquisition Cost, normal purchase price Full call number Barcode Copy number Cost, replacement price Koha item type
      Non-fiction Kadipur Kadipur 24/07/2017 DBAD/PUB 995.00 628.5 NEW EN-102844 1 995.00 English Books

© Delhi Public Library
Hit Counter
free hit counter